Marcatori della Juventus in UEFA Champions League 2017-2018 - Statistics

Statistiche generali
  • Questo quiz è stato fatto 77 volte
  • Il punteggio medio è 12 su 14
Statistiche sulle risposte
Partita Minuto Marcatore % Corretto
Juventus - Olympiakos 2-0 69' Gonzalo Higuaín
99%
Sporting Lisbona - Juventus 1-1 79' Gonzalo Higuaín
99%
Juventus - Tottenham 2-2 2' Gonzalo Higuaín
99%
Juventus - Tottenham 2-2 9' Gonzalo Higuaín
99%
Tottenham - Juventus 1-2 64' Gonzalo Higuaín
99%
Tottenham - Juventus 1-2 67' Paulo Dybala
99%
Juventus - Olympiakos 2-0 80' Mario Mandžukić
93%
Juventus - Sporting Lisbona 2-1 84' Mario Mandžukić
93%
Real Madrid - Juventus 1-3 2' Mario Mandžukić
93%
Real Madrid - Juventus 1-3 37' Mario Mandžukić
93%
Real Madrid - Juventus 1-3 61' Blaise Matuidi
85%
Juventus - Sporting Lisbona 2-1 29' Miralem Pjanić
70%
Olympiakos - Juventus 0-2 15' Juan Cuadrado
52%
Olympiakos - Juventus 0-2 90' Federico Bernardeschi
34%
Nessun quiz corrispondente trovato
Distribuzione punteggi
Percentuale di utenti per punteggio
Percentile per numero di risposta
I tuoi punteggi nel tempo
Non hai fatto questo quiz